<?xml version="1.0" encoding="UTF-8"?><?xml-stylesheet type="text/xsl" href="static/style.xsl"?><OAI-PMH xmlns="http://www.openarchives.org/OAI/2.0/" xmlns:xsi="http://www.w3.org/2001/XMLSchema-instance" xsi:schemaLocation="http://www.openarchives.org/OAI/2.0/ http://www.openarchives.org/OAI/2.0/OAI-PMH.xsd"><responseDate>2026-04-30T05:21:59Z</responseDate><request verb="GetRecord" identifier="oai:uvadoc.uva.es:10324/76101" metadataPrefix="marc">https://uvadoc.uva.es/oai/request</request><GetRecord><record><header><identifier>oai:uvadoc.uva.es:10324/76101</identifier><datestamp>2025-07-07T08:02:46Z</datestamp><setSpec>com_10324_38</setSpec><setSpec>col_10324_787</setSpec></header><metadata><record xmlns="http://www.loc.gov/MARC21/slim" xmlns:doc="http://www.lyncode.com/xoai" xmlns:xsi="http://www.w3.org/2001/XMLSchema-instance" xmlns:dcterms="http://purl.org/dc/terms/" xsi:schemaLocation="http://www.loc.gov/MARC21/slim http://www.loc.gov/standards/marcxml/schema/MARC21slim.xsd">
<leader>00925njm 22002777a 4500</leader>
<datafield tag="042" ind1=" " ind2=" ">
<subfield code="a">dc</subfield>
</datafield>
<datafield tag="720" ind1=" " ind2=" ">
<subfield code="a">González San José, Alonso</subfield>
<subfield code="e">author</subfield>
</datafield>
<datafield tag="260" ind1=" " ind2=" ">
<subfield code="c">2025</subfield>
</datafield>
<datafield tag="520" ind1=" " ind2=" ">
<subfield code="a">El presente Trabajo de Fin de Máster tiene por objetivo analizar y explicar el&#xd;
Impuesto de Sucesiones y Donaciones, así como las figuras jurídico-tributarias que van a&#xd;
intervenir en este trabajo simulando una situación real en la que una persona necesita&#xd;
asesoramiento profesional ante una determinada situación en la que se encuentra. Finalmente&#xd;
se pretende dar solución al problema planteado abordando todas las desventajas y beneficios&#xd;
que el caso presenta tratando de dar la mejor solución posible al cliente.</subfield>
</datafield>
<datafield tag="520" ind1=" " ind2=" ">
<subfield code="a">This Master's Thesis aims to analyze and explain the Inheritance and Gift Tax, as well as&#xd;
the legal tax figures that will be involved in this work by simulating a real situation where a person&#xd;
requires professional advice in a particular situation they are facing. Finally, the objective is to&#xd;
provide a solution to the proposed problem, addressing all the issues and benefits the case&#xd;
presents in order to provide the best solution for the client.</subfield>
</datafield>
<datafield tag="024" ind2=" " ind1="8">
<subfield code="a">https://uvadoc.uva.es/handle/10324/76101</subfield>
</datafield>
<datafield tag="245" ind1="0" ind2="0">
<subfield code="a">Dictamen jurídico sobre el pago del impuesto de sucesiones y donaciones en concepto de herencia o de donación</subfield>
</datafield>
</record></metadata></record></GetRecord></OAI-PMH>